Výchova k občanství : doplňující koncepce k současnému kurikulu
Record details
- ISBN: 978-80-210-5830-9
- Physical Description: 20 s. : barev. il. ; 30 cm
- Edition: 1. vyd.
- Publisher: Brno : Masarykova univerzita, 2012
Content descriptions
| General Note: | Na obálce nad názvem: Masarykova univerzita, Centrum občanského vzdělávání |
Search for related items by subject
| Subject: | výchova k občanství občanská společnost demokracie politická kultura kurikulum citizenship education civil society democracy political culture curriculum |
| Genre: | metodické příručky methodological manuals |
Available copies
- 1 of 1 copy available at Common Catalog SPOK.
Holds
- 0 current holds with 1 total copy.
Other Formats and Editions
Show Only Available Copies
| Location | Call Number / Copy Notes | Barcode | Shelving Location | Status | Due Date |
|---|---|---|---|---|---|
| Varianty | GRV Met Vý | 4605400407 | Šafaříkova 17 - 5. patro, GRV | Available | - |
| LDR | 01662nam a2200469 a 4500 | ||
|---|---|---|---|
| 001 | 31099 | ||
| 003 | CZ-PrJAB | ||
| 005 | 20190223074628.0 | ||
| 007 | ta | ||
| 008 | 120611s2012 xr a e f 000 0 cze | ||
| 015 | . | ‡acnb002372900 | |
| 020 | . | ‡a978-80-210-5830-9 ‡q(brož.) : ‡cneprodejné | |
| 035 | . | ‡a(CZ PrNK)nkc20122372900 | |
| 035 | . | ‡a(OCoLC)798996696 | |
| 040 | . | ‡aABA001 ‡bcze | |
| 072 | 7. | ‡a37.09 ‡xOrganizace výuky a vzdělávání ‡2Konspekt ‡922 | |
| 080 | . | ‡a37.017.4 ‡2MRF | |
| 080 | . | ‡a321.7+342.34 ‡2MRF | |
| 080 | . | ‡a323.21 ‡2MRF | |
| 080 | . | ‡a37.016 ‡2MRF | |
| 080 | . | ‡a(072) ‡2MRF | |
| 245 | 0 | 0. | ‡aVýchova k občanství : ‡bdoplňující koncepce k současnému kurikulu |
| 250 | . | ‡a1. vyd. | |
| 260 | . | ‡aBrno : ‡bMasarykova univerzita, ‡c2012 | |
| 300 | . | ‡a20 s. : ‡bbarev. il. ; ‡c30 cm | |
| 500 | . | ‡aNa obálce nad názvem: Masarykova univerzita, Centrum občanského vzdělávání | |
| 650 | 0 | 7. | ‡avýchova k občanství ‡7ph123572 ‡2czenas |
| 650 | 0 | 7. | ‡aobčanská společnost ‡7ph123633 ‡2czenas |
| 650 | 0 | 7. | ‡ademokracie ‡7ph117182 ‡2czenas |
| 650 | 0 | 7. | ‡apolitická kultura ‡7ph115787 ‡2czenas |
| 650 | 0 | 7. | ‡akurikulum ‡7ph115039 ‡2czenas |
| 650 | 0 | 9. | ‡acitizenship education ‡2eczenas |
| 650 | 0 | 9. | ‡acivil society ‡2eczenas |
| 650 | 0 | 9. | ‡ademocracy ‡2eczenas |
| 650 | 0 | 9. | ‡apolitical culture ‡2eczenas |
| 650 | 0 | 9. | ‡acurriculum ‡2eczenas |
| 655 | 7. | ‡ametodické příručky ‡7fd132826 ‡2czenas | |
| 655 | 9. | ‡amethodological manuals ‡2eczenas | |
| 710 | 2 | . | ‡aMasarykova univerzita. ‡bCentrum občanského vzdělávání ‡7pna2012702518 |
| 710 | 2 | . | ‡aVýchova k občanství (projekt) ‡7kn20120621019 |
| 910 | . | ‡aABH006 | |
| 901 | . | ‡a31099 ‡b ‡c31099 ‡tbiblio | |